Statistics for New Zealand: Town or City?

Click here to take the quiz!

General Stats

  • This quiz has been taken 19 times
  • The average score is 18 of 20

Answer Stats

QuestionAnswer% Correct
WellingtonCity
100%
AucklandCity
100%
ChristchurchCity
100%
PaeroaTown
100%
CoromandelTown
100%
ThamesTown
100%
LevinTown
100%
KerikeriTown
94%
BluffTown
94%
StratfordTown
94%
RaglanTown
89%
NapierCity
83%
RotoruaCity
83%
Palmerston NorthCity
83%
HokitikaTown
83%
NelsonCity
78%
TaupōTown
72%
InvercargillCity
67%
WhangāreiCity
67%
GisborneCity
67%

Score Distribution

Percentile by Number Answered

Percent of People with Each Score

Your Score History

You have not taken this quiz